Statistics for Economics Quiz 1

Click here to take the quiz!

General Stats

  • This quiz has been taken 286 times
  • The average score is 10 of 14

Answer Stats

HintAnswer% Correct
How do we measure economic growthReal GDP
87%
When Supply is equal to DemandEquilibrium
86%
The increase in the general price levelInflation
86%
2 consecutive quarters of negative GDPRecession
79%
One Seller in the marketMonopoly
78%
The Father of EconomicsAdam Smith
76%
A Tax on ImportsTariff
73%
The value of the next best alternative forgoneOpportunity Cost
70%
C + I + G + (X - M)Aggregate Demand
69%
What policy do central banks useMonetary Policy
69%
When Government Expenditure exceeds Tax RevenueBudget Deficit
64%
How do we measure developmentHDI
47%
The decrease in average cost as output increasesEconomies of Scale
46%
One Buyer in the marketMonopsony
37%

Score Distribution

Percentile by Number Answered

Percent of People with Each Score

Your Score History

You have not taken this quiz